000 01160nam a2200289 a 4500
001 ebr10439343
003 CaPaEBR
006 m u
007 cr cn|||||||||
008 110124s2010 enk s 001 0 eng d
020 _z9781849512343
020 _z9781849512350 (e-book)
040 _aCaPaEBR
_cCaPaEBR
035 _a(OCoLC)702636445
050 1 4 _aLB1028.68
_b.M97 2010eb
100 1 _aMyrick, Jason.
245 1 0 _aMoodle 1.9
_h[electronic resource] :
_btesting and assessment : develop and evaluate quizzes and tests using Moodle modules /
_cJason Myrick.
260 _aBirmingham ;
_aMumbai :
_bPackt Open Source,
_cc2010.
300 _axv, 365 p.
500 _aIncludes index.
533 _aElectronic reproduction.
_bPalo Alto, Calif. :
_cebrary,
_d2011.
_nAvailable via World Wide Web.
_nAccess may be limited to ebrary affiliated libraries.
630 0 0 _aMoodle.
650 0 _aComputer-assisted instruction
_xComputer programs.
655 7 _aElectronic books.
_2local
710 2 _aebrary, Inc.
856 4 0 _uhttp://site.ebrary.com/lib/rucke/Doc?id=10439343
_zAn electronic book accessible through the World Wide Web; click to view
999 _c134351
_d134351